Dans quels pays sont les 200 plus grandes agglomérations du monde ? - Statistiques

Statistiques générales
  • Ce quiz a été pris 40 fois
  • Le résultat moyen est 138 sur 200
Statistiques - réponses
Hint Réponse % Correct
Shanghai Chine
97%
Le Caire Égypte
97%
Delhi Inde
97%
Tokyo Japon
97%
Mexico Mexique
97%
Bombay Inde
94%
Jakarta Indonésie
94%
Buenos Aires Argentine
90%
Sao Paulo Brésil
90%
Rio de Janeiro Brésil
90%
Pékin Chine
90%
Séoul Corée du Sud
90%
New York États Unis
90%
Los Angeles États Unis
90%
Paris France
90%
Lima Pérou
90%
Manille Philippines
90%
Moscou Russie
90%
Istanbul Turquie
90%
Xiamen Chine
87%
Xi'an Chine
87%
Madrid Espagne
87%
Chicago États Unis
87%
Washington États Unis
87%
Boston États Unis
87%
Philadelphie États Unis
87%
San Francisco États Unis
87%
Houston États Unis
87%
Londres Royaume Uni
87%
Bangkok Thaïlande
87%
Cologne - Düsseldorf Allemagne
84%
Riyad Arabie Saoudite
84%
Guangzhou Chine
84%
Hong Kong Chine
84%
Bogotá Colombie
84%
Alexandrie Égypte
84%
Dallas États Unis
84%
Miami États Unis
84%
Détroit États Unis
84%
Téhéran Iran
84%
Milan Italie
84%
Singapour Singapour
84%
Johannesburg Afrique du Sud
81%
Le Cap Afrique du Sud
81%
Alger Algérie
81%
Berlin Allemagne
81%
Montréal Canada
81%
Santiago Chili
81%
Hangzhou Chine
81%
Wuhan Chine
81%
Changchun Chine
81%
Guiyang Chine
81%
Dubaï Émirats Arabes Unis
81%
Barcelone Espagne
81%
Atlanta États Unis
81%
Phoenix États Unis
81%
Seattle États Unis
81%
Denver États Unis
81%
Athènes Grèce
81%
Guatemala Guatemala
81%
Naples Italie
81%
Rome Italie
81%
Osaka Japon
81%
Kinshasa République Démocratique du Congo
81%
Ankara Turquie
81%
Kiev Ukraine
81%
Francfort sur le Main Allemagne
77%
Melbourne Australie
77%
Sydney Australie
77%
Brasília Brésil
77%
Toronto Canada
77%
Chengdu Chine
77%
Chongqing Chine
77%
Zhengzhou Chine
77%
Shenyang Chine
77%
Shantou Chine
77%
Qingdao Chine
77%
Shijiazhuang Chine
77%
Wenzhou Chine
77%
Nanchang Chine
77%
Orlando États Unis
77%
Minneapolis États Unis
77%
Calcutta Inde
77%
Nairobi Kenya
77%
Koweït City Koweït
77%
Casablanca Maroc
77%
Rotterdam Pays Bas
77%
Birmingham Royaume Uni
77%
Dacca Bangladesh
74%
Tianjin Chine
74%
San Diego États Unis
74%
Bagdad Irak
74%
Saint Domingue République Dominicaine
74%
Manchester Royaume Uni
74%
Saint Pétersbourg Russie
74%
Dakar Sénégal
74%
Taipei Taïwan
74%
Hanoï Vietnam
74%
Yaoundé Cameroun
71%
Vancouver Canada
71%
Nankin Chine
71%
Taiyuan Chine
71%
Nanning Chine
71%
Fuzhou Chine
71%
Nantong Chine
71%
Jiangyin Chine
71%
Medellín Colombie
71%
Abidjan Côte d'Ivoire
71%
Cleveland États Unis
71%
Nagoya Japon
71%
Kuala Lumpur Malaisie
71%
Bamako Mali
71%
Guadalajara Mexique
71%
Lagos Nigeria
71%
Khartoum Soudan
71%
Kaboul Afghanistan
68%
La Ruhr Allemagne
68%
Hambourg Allemagne
68%
Brisbane Australie
68%
Bakou Azerbaïdjan
68%
Ouagadougou Burkina Faso
68%
Jinan Chine
68%
Weifang Chine
68%
Xuzhou Chine
68%
Addis Abeba Éthiopie
68%
Port au Prince Haïti
68%
Amman Jordanie
68%
Katmandou Népal
68%
Karachi Pakistan
68%
Damas Syrie
68%
Caracas Venezuela
68%
Hô Chi Minh Ville Vietnam
68%
Sanaa Yémen
68%
Porto Alegre Brésil
65%
Changsha Chine
65%
Hefei Chine
65%
Luoyang Chine
65%
Pyongyang Corée du Nord
65%
Bangalore Inde
65%
Tel Aviv - Jaffa Israël
65%
Antananarivo Madagascar
65%
Luanda Angola
61%
Djeddah Arabie Saoudite
61%
Kunming Chine
61%
Linyi Chine
61%
Lanzhou Chine
61%
Accra Ghana
61%
Indore Inde
61%
Colombo Sri Lanka
61%
Belo Horizonte Brésil
58%
Recife Brésil
58%
Fortaleza Brésil
58%
Ningbo Chine
58%
Harbin Chine
58%
Dalian Chine
58%
Busan Corée du Sud
58%
Conakry Guinée
58%
Hyderabad Inde
58%
Monterrey Mexique
58%
Tachkent Ouzbékistan
58%
Lahore Pakistan
58%
Dar es Salaam Tanzanie
58%
Douala Cameroun
55%
Chennai Inde
55%
Pune Inde
55%
Surabaya Indonésie
55%
Izmir Turquie
55%
Durban Afrique du Sud
52%
Rangoon Birmanie
52%
Ürümqi Chine
52%
Jaipur Inde
52%
Kampala Ouganda
52%
Ahmedabad Inde
48%
Kano Nigeria
48%
Abuja Nigeria
48%
Faisalabad Pakistan
48%
Curitiba Brésil
45%
Tampa États Unis
45%
Kanpur Inde
45%
Nagpur Inde
45%
Puebla Mexique
45%
Cali Colombie
42%
Guayaquil Équateur
42%
Bandung Indonésie
42%
Ispahan Iran
42%
Patna
Inde
39%
Chittagong Bangladesh
35%
Salvador Brésil
35%
Surate Inde
35%
Machhad Iran
32%
Zibo Chine
29%
Bhilai Inde
29%
Lucknow Inde
26%
Ibadan Nigeria
23%
Campinas Brésil
16%
Medan Indonésie
16%
Coimbatore Inde
13%
Rawalpindi Pakistan
10%
Kumasi Ghana
6%
Gujranwala Pakistan
6%
Aucun quiz correspondant
Distribution des résultats
% des personnes avec chaque résultat
Percentile par nombre de réponses
Votre historique - résultats
Vous n’avez pas pris ce quiz